000 00315nam a22001337a 4500
008 181031b xxu||||| |||| 00| 0 eng d
020 _a9780323045186
041 _aeng
080 _25th
_a610.73
100 _a2
101 _aINF
245 _aLong-Term Care Nursing Assistans
_cSorrentino,Sh.A
942 _2udc
_cBK
999 _c51316
_d51316